Statistics for Spell the Marvel Character #37

Click here to take the quiz!

General Stats

  • This quiz has been taken 13 times
  • The average score is 15 of 18

Answer Stats

Answer% Correct
Groot
100%
Hulk
100%
Moon Knight
100%
Thing
100%
Thor
100%
Captain Marvel
92%
Hawkeye
92%
Korg
92%
Rocket Raccoon
92%
Elektra
83%
Iron Fist
83%
Okoye
83%
Adam Warlock
75%
Psylocke
75%
Spider-Man 2099
75%
Energizer
42%
Night Thrasher
42%
Rom the Spaceknight
42%

Score Distribution

Percentile by Number Answered

Percent of People with Each Score

Your Score History

You have not taken this quiz